000 00686nam a2200253Ia 4500
003 OSt
005 20221007080629.0
006 a|||||r|||| 00| 0
007 ta
008 221006b |||||||| |||| 00| 0 eng d
020 _a0131979892
024 _a1,952
037 _cTextual
040 _aFLL
_cFLL
_beng
041 _2eng
_aeng
082 _aY1:45, M6
100 _aGibbons Don C. Au.
_9695102
245 0 _aDelinquent behavior
250 _a13th
260 _aNew Jersey
_b PEnglewood Cliffs USA
_c1986
700 _a Krohn Marvin D. Au.
_9695103
942 _hY1:45, M6
_cTEXL
_2CC
999 _c1160356
_d1160356